Avances en colagenopatias / (Registro nro. 338)

Detalles MARC
000 -LEADER
fixed length control field 01245 am a2200373 a 4500
005 - FECHA ULTIMA MODIFICACION
control field 20120417093923.0
008 - CAMPO DE CONTROL (LIBRO)
fixed length control field 100603s1996||||ag a f |||| 001 0 spa d
020 ## - INTERNATIONAL STANDARD BOOK NUMBER
ISBN 9504376053
041 ## - CODIGO DE IDIOMA
Código de idioma del texto/pista de sonido o título separado spa
092 ## - SIGNATURA TOPOGRAFICA DEWEY LOCAL
número de clasificación 616.5
libristica 58
sección NUD
100 1# - ENTRADA PRINCIPAL--NOMBRE PERSONAL
Nombre personal Nudenberg, Bernardo.
9 (RLIN) 1258
245 ## - TITULO PROPIAMENTE DICHO
Título Avances en colagenopatias /
Mención de responsabilidad y remanente de la transcripción de la portada Bernardo Nudenberg
250 ## - MENCION DE EDICION
Mención de edición 1a ed.
260 ## - PIE DE IMPRENTA
Lugar de publicación, distribución, etc Rosario [Santa Fe ; Argentina]:
Nombre de la editorial, distribuidor, etc Galderma,
Fecha de publicación 1996.
300 ## - DESCRIPCION FISICA
Extension 252 p.
653 ## - TÉRMINO INDIZADO - PALABRAS CLAVES
Palabra clave Esclerodermia
653 ## - TÉRMINO INDIZADO - PALABRAS CLAVES
Palabra clave Lupus eritematoso
653 ## - TÉRMINO INDIZADO - PALABRAS CLAVES
Palabra clave Dermatomiositis
653 ## - TÉRMINO INDIZADO - PALABRAS CLAVES
Palabra clave Síndrome de Sjögren
653 ## - TÉRMINO INDIZADO - PALABRAS CLAVES
Palabra clave Síndromes de superposición
653 ## - TÉRMINO INDIZADO - PALABRAS CLAVES
Palabra clave Fasceitis eosinofílica
653 ## - TÉRMINO INDIZADO - PALABRAS CLAVES
Palabra clave Vasculitis
653 ## - TÉRMINO INDIZADO - PALABRAS CLAVES
Palabra clave Laboratorio y colagenopatias
653 ## - TÉRMINO INDIZADO - PALABRAS CLAVES
Palabra clave Porfirias y colagenopatias
653 ## - TÉRMINO INDIZADO - PALABRAS CLAVES
Palabra clave Raynaud primario y secundario
653 ## - TÉRMINO INDIZADO - PALABRAS CLAVES
Palabra clave Crioglobulenemias
653 ## - TÉRMINO INDIZADO - PALABRAS CLAVES
Palabra clave Síndrome antifosfolípido. Manifestaciones cutáneas
653 ## - TÉRMINO INDIZADO - PALABRAS CLAVES
Palabra clave Capiloroscopia periungueal. Observaciones en colagenopatías
700 1# - ENTRADAS SECUNDARIAS - NOMBRE PERSONAL
Nombre personal Palatnik, Simón.
9 (RLIN) 1259
700 1# - ENTRADAS SECUNDARIAS - NOMBRE PERSONAL
Nombre personal Fernández Bussy, Ramón.
9 (RLIN) 1260
930 ## - NUMERO DE INVENTARIO
Número de inventario 1729
942 ## - ADDED ENTRY ELEMENTS (KOHA)
Source of classification or shelving scheme Dewey Decimal Classification
Item type Libros
Existencias
Estado de retiro Existencia Fuente de clasificación Estado general Uso restringido No para prestamo Ubicación permanente ubicación actual Sala de ubicación Fecha de adquisición Total Checkouts Número de clasificación Código de barras Date last seen Número de ejemplar Price effective from Koha tipo de elemento (item) Public note Coded location qualifier
    Dewey Decimal Classification   Restricted Access Not For Loan Biblioteca Medicina Biblioteca Medicina Circulación 13/05/2011   616.5 58 NUD 1729 06/11/2014 ej.1 13/05/2011 Libros Baja 2017 (Caja 10)  

UNIVERSIDAD NACIONAL DEL COMAHUE
Biblioteca de la Facultad de Ciencias Médicas
Sede Toschi: Los Arrayanes y Av. Toschi, Cipolletti  - Rio Negro
Sede Los Tordos:  Yrigoyen al 2211, Cipolletti - Rio Negro 

Teléfono: 0299 - 4774707 int 25
Contacto: biblioteca@facimed.uncoma.edu.ar
© 2011 - 2026